000 01408nam a22002417a 4500
999 _c60400
_d60400
003 Ge_BSU
005 20230712110804.0
008 230712s2010ge xxu||||| |||| 00| 0 geo d
020 _a9789941028496
041 _ageo
080 _a821.353.1(092ჭავჭავაძე, ი.) თ - 41
100 _aთევზაძე, გურამ
_919262
245 _aილია ჭავჭავაძე და ახალი აზროვნება :
_bშესაძლებლობა და სინამდვილე ი. ჭავჭავაძის ისტორიის ფილოსოფიაში /
_cგურამ თევზაძე ; [რედ. ალექსანდრე ალადაშვილი]
264 _a[თბილისი] :
_bCarpe diem,
_c[2010].
300 _a48 გვ. ;
_b20 სმ.
500 _aეძღვნება საქ. მეცნ. ეროვნ. აკად. წევრის ზაზა ალექსიძის 75 წლისთავს.
501 _a შენიშვნ.: გვ. 40-44
520 _aრეზ. ინგლ..
653 _aჭავჭავაძე, ილია
700 _a ალადაშვილი, ალექსანდრე
_eრედაქტორი
_919263
710 _aსაქ. მეცნ. ეროვნ. აკად
_919264
942 _2udc
_cBK